Les étrangleurs de l'Inde (Record no. 54894)
[ view plain ]
| 000 -LEADER | |
|---|---|
| campo de control de longitud fija | 00540nam a22001575i 4500 |
| 001 - NÚMERO DE CONTROL | |
| campo de control | 54894 |
| 003 - IDENTIFICADOR DE NÚMERO DE CONTROL | |
| campo de control | ES-MaACL |
| 007 - CAMPO FIJO DE DESCRIPCIÓN FÍSICA--INFORMACIÓN GENERAL | |
| campo de control de longitud fija | t| |
| 008 - DATOS DE LONGITUD FIJA--INFORMACIÓN GENERAL | |
| campo de control de longitud fija | 960730s1862 fr ||||1| fre d |
| 040 ## - FUENTE DE CATALOGACIÓN | |
| Centro catalogador/agencia de origen | CAM |
| Lengua de catalogación | spa |
| Centro/agencia transcriptor | CAM |
| 100 1# - ENTRADA PRINCIPAL--NOMBRE DE PERSONA | |
| Nombre de persona | Garand, Charles. |
| 9 (RLIN) | 53916 |
| 245 14 - MENCIÓN DEL TÍTULO | |
| Título | Les étrangleurs de l'Inde |
| Resto del título | : drame en cinq actes et neuf tableaux; dont un prologue / |
| Mención de responsabilidad, etc. | par Charles Garand. |
| 260 ## - PUBLICACIÓN, DISTRIBUCIÓN, ETC. | |
| Lugar de publicación, distribución, etc. | Paris : |
| Nombre del editor, distribuidor, etc. | Michel Lévy Frères libraires éditeurs, |
| Fecha de publicación, distribución, etc. | 1862 ( |
| Fabricante | Imprimerie de L. Toinon et cie) |
| 300 ## - DESCRIPCIÓN FÍSICA | |
| Extensión | 112 p. ; |
| Dimensiones | 20 cm. |
| 852 ## - LOCALIZACIÓN | |
| Ubicación | ES-MaACL |
| Número de control de estantería | T-734-F-4 |
| Estatus retirado | Estado de pérdida | Estado de daño | No para préstamo | Colección | Biblioteca de origen | Biblioteca actual | Ubicación en estantería | Fecha de adquisición | Fuente de adquisición | Total de préstamos | Signatura topográfica completa | Código de barras | Visto por última vez | Precio de reemplazo | Tipo de ítem Koha |
|---|---|---|---|---|---|---|---|---|---|---|---|---|---|---|---|
| Colección de folletos | Biblioteca del Ateneo de Madrid | Biblioteca del Ateneo de Madrid | Depósito folletos | 17/01/2008 | T-734-F-4 | 1057684 | 23/02/2023 | 23/02/2023 | Folleto |
